| 000 | 00502cam a2200193ua 4500 | ||
|---|---|---|---|
| 020 | _cRs 8.25 | ||
| 041 |
_amal _h |
||
| 082 |
_a915.4 _bPIC/IN |
||
| 100 | _aPichamuthu, C S . | ||
| 245 |
_aIndiayude bhouthika bhoomisastram / _cC S Pichamuthu. _hTextual Documents |
||
| 250 |
_a1 / _b. |
||
| 260 |
_aThiruvananthapuram : _bState Instititute of Languages , _c1974. |
||
| 300 | _a282 ; . | ||
| 365 | _aRs 8.25 | ||
| 504 | _a | ||
| 942 | _cBK | ||
| 999 |
_c323 _d323 |
||